000 01258nam a2200337 i 4500
001 13576
003 KOSZ 005
005 20210528124429.0
008 071212s1971 pl a f 000 0 pol
015 _aPB 1971/4150
035 _a(OCoLC)749377273
040 _aWA N
_cWA N
_dKOSZ 005/KK
080 _a528
100 1 _aKamela, Czesław
_d(1910-1992)
_eAutor
245 1 0 _aGeodezja.
_nT. 1 /
_cCzesław Kamela, Mieczysław Lipiński.
250 _aWydanie 2 całkowicie przerobione
260 _aWarszawa :
_bPaństwowe Przedsiębiorstwo Wydawnictw Kartograficznych,
_c1971.
300 _a763 strony :
_bilustracje ;
_c23 cm.
336 _2rdacontent
_aTekst
_btxt
337 _2rdamedia
_aBez urządzenia pośredniczącego
_bn
338 _2rdacarrier
_aWolumin
_bnc
380 _aKsiążki.
500 _aWydanie 1 pod hasłem: Kamela Cz.
658 _aGeografia i nauki o Ziemi
650 4 _aGeodezja
655 4 _aPodręczniki akademickie
710 2 _aPaństwowe Przedsiębiorstwo Wydawnictw Kartograficznych
_4pbl.
700 1 _aLipiński, Mieczysław
_d(1911-1991)
_eAutor
856 _uhttp://koha.tu.koszalin.pl/cgi-bin/koha/opac-detail.pl?biblionumber=13576
_yKatalog online BPK
942 _2UKD
_cKS
999 _c13576
_d13576